LEADER 01331nam0 22003373i 450 001 VAN00284947 005 20250411021945.390 017 70$20$a9781350365964 100 $a20250120d2024 |0itac50 ba 101 $aeng 102 $aGB 105 $a|||| ||||| 181 $ai$b e 182 $ab 183 $acr 200 1 $aQueer Style$fAdam Geczy and Vicki Karaminas 210 $aLondon$cBloomsbury Visual Arts$d2024 215 $a252 p.$cill.$d24 cm 606 $aModa$xRapporti [con l'] Omosessualità$3VANC038099$2AR 620 $aGB$dLondon$3VANL000015 700 1$aGeczy$bAdam$f1969-$3VANV194387$01056086 701 1$aKaraminas$bVicki$3VANV194388$0974504 712 $aBloomsbury $3VANV144572$4650 801 $aIT$bSOL$c20260313$gRICA 856 4 $uhttps://www.bloomsburycollections.com/monograph?docid=b-9781350365964$zE-book ? Accesso al full-text attraverso riconoscimento IP di Ateneo, proxy e/o Shibboleth 899 $aBIBLIOTECA DEL DIPARTIMENTO DI ARCHITETTURA E DISEGNO INDUSTRIALE$1IT-CE0107$2VAN01 912 $fN 912 $aVAN00284947 950 $aBIBLIOTECA DEL DIPARTIMENTO DI ARCHITETTURA E DISEGNO INDUSTRIALE$d01CONS E-BOOK SBAARCH $e01EBA284947 20250120 996 $aQueer Style$94309971 997 $aUNICAMPANIA